| 000 | 00705nam a2200193Ia 4500 | ||
|---|---|---|---|
| 008 | 220216s9999 xx 000 0 und d | ||
| 100 | _aGeorge K M | ||
| 245 | 0 | _aStudies on carbon black filled blends of acrylonitrile butadiene rubber and epoxidised natural rubber | |
| 260 | _bProceedings of the India International Rubber Conference and Expo 2007. Recent Advances in Rubber Science and Allied Material Technology, 1-3 November 2007, Udaipur. | ||
| 650 | _aCarbon black | ||
| 650 | _aCoupling agent | ||
| 650 | _aEpoxidised natural rubber | ||
| 650 | _aNitrile rubber | ||
| 650 | _aReinforcement modifier | ||
| 700 | _aJoseph S | ||
| 700 | _aThomas K T | ||
| 700 | _aVarkey J K | ||
| 942 | _cBS | ||
| 999 |
_c53143 _d53143 |
||